| 000 | 00472nam a22001577a 4500 | ||
|---|---|---|---|
| 005 | 20250123174630.0 | ||
| 008 | 250123b |||||||| |||| 00| 0 eng d | ||
| 020 | _a9780551015654 | ||
| 050 |
_aBX 5700.6.Z8 HAM _b1 |
||
| 100 | _aButi, Tlhagale ed. | ||
| 245 |
_aHammering swords into ploughshares: _bessays in honour of Arcbishop desmond Tutu |
||
| 260 |
_aJohannesburg _bMarshall pickering _c1987 |
||
| 300 | _axii,300p | ||
| 700 | _aMosala,Itumeleng | ||
| 942 |
_2lcc _cBK _n0 |
||
| 999 |
_c2960 _d2960 |
||